000
00263nam a2200109Ia 4500
008
190723s9999 xx 000 0 und d
100
_a
Mushtaq Ahmed
245
0
_a
Benazir Politics of Power
260
_a
Karachi
_b
Royal Book
_c
1987
300
_a
107
942
_c
BK
999
_c
1244
_d
1244